TENWEK HOSP HOME | SOC  | ASK A LIBRARIANSTAFF LOGIN  |  DIGITAL REPOSITORYe-BOOK PORTAL  |  OFF-CAMPUS PORTAL  |  DONATE

The Greek New Testament / (Record no. 1581)

MARC details
000 -LEADER
fixed length control field 00833cam a22002651 4500
001 - CONTROL NUMBER
control field 8484171
003 - CONTROL NUMBER IDENTIFIER
control field Ke-BoTe
005 - DATE AND TIME OF LATEST TRANSACTION
control field 20220228090410.0
008 - FIXED-LENGTH DATA ELEMENTS--GENERAL INFORMATION
fixed length control field 740801s1966 nyu b 000 0 eng
010 ## - LIBRARY OF CONGRESS CONTROL NUMBER
LC control number 67080007
015 ## - NATIONAL BIBLIOGRAPHY NUMBER
National bibliography number GB67-3268
035 ## - SYSTEM CONTROL NUMBER
System control number (OCoLC)971489
040 ## - CATALOGING SOURCE
Original cataloging agency DLC
Transcribing agency MCED
Modifying agency ViBlbV
-- Uk
-- DLC
042 ## - AUTHENTICATION CODE
Authentication code premarc
050 00 - LIBRARY OF CONGRESS CALL NUMBER
Classification number BS1965
Item number .A4 1966
082 ## - DEWEY DECIMAL CLASSIFICATION NUMBER
Classification number 225/.4/8
130 0# - MAIN ENTRY--UNIFORM TITLE
Uniform title Bible.
Name of part/section of a work New Testament.
Language of a work Greek.
Date of a work 1966.
9 (RLIN) 3046
245 14 - TITLE STATEMENT
Title The Greek New Testament /
Statement of responsibility, etc. edited by Kurt Aland [and others]
260 ## - PUBLICATION, DISTRIBUTION, ETC.
Place of publication, distribution, etc. New York,
Name of publisher, distributor, etc. American Bible Society;
Place of publication, distribution, etc. London :
Name of publisher, distributor, etc. British & Foreign Bible Society,
Date of publication, distribution, etc. 1966.
300 ## - PHYSICAL DESCRIPTION
Extent iv, 920 p. :
Other physical details tables. ;
Dimensions 20 cm.
504 ## - BIBLIOGRAPHY, ETC. NOTE
Bibliography, etc. note Bibliography: p. xlix-lv.
700 1# - ADDED ENTRY--PERSONAL NAME
Personal name Aland, Kurt.
9 (RLIN) 3047
906 ## - LOCAL DATA ELEMENT F, LDF (RLIN)
a 7
b cbc
c oclcrpl
d u
e ncip
f 19
g y-gencatlg
942 ## - ADDED ENTRY ELEMENTS (KOHA)
Source of classification or shelving scheme Library of Congress Classification
Koha item type Books
Suppress in OPAC No
Holdings
Withdrawn status Lost status Source of classification or shelving scheme Damaged status Not for loan Collection code Home library Current library Shelving location Date acquired Full call number Barcode Date last seen Copy number Price effective from Koha item type Total Checkouts
    Library of Congress Classification   Not For Loan Non-fiction SCHOOL OF CHAPLAINCY SCHOOL OF CHAPLAINCY Reference 28.02.2022 BS1965.A4 1966 C.1 0202282022 28.02.2022 1 28.02.2022 Books  
    Library of Congress Classification   Not For Loan Non-fiction SCHOOL OF CHAPLAINCY SCHOOL OF CHAPLAINCY Reference 28.02.2022 BS1965.A4 1966 C.2 0302282022 28.02.2022 2 28.02.2022 Books